अज्ञेयः वन का छंद / (Record no. 16495)

MARC details
000 -LEADER
fixed length control field 03564nam a22003977a 4500
005 - DATE AND TIME OF LATEST TRANSACTION
control field 20101005111245.0
010 ## - LCCN (DPL NO)
LC control number HIN-84329
020 ## - INTERNATIONAL STANDARD BOOK NUMBER
International Standard Book Number 9788181437372
Terms of availability 200.00
035 ## - SYSTEM CONTROL NUMBER
System control number HN-56675
035 ## - SYSTEM CONTROL NUMBER
System control number B-400819-827
037 ## - SOURCE OF ACQUISITION
Source of stock number/acquisition DBAD / PUB
037 ## - SOURCE OF ACQUISITION
Source of stock number/acquisition वाणी प्रकाशन/ PUB
082 ## - DEWEY DECIMAL CLASSIFICATION NUMBER
Classification number 824
100 ## - MAIN ENTRY--PERSONAL NAME
Personal name मिश्र, विद्यानिवास
245 ## - TITLE STATEMENT
Title अज्ञेयः वन का छंद /
Statement of responsibility, etc विद्यानिवास मिश्र; गिरीश्वर मिश्र एवं गणेश शुक्ल द्वारा संचयित एवं संपादित
246 ## - VARYING FORM OF TITLE
Title proper/short title Ageya : vana kaa chhanada
Remainder of title by Vidyanivas Mishra
260 ## - PUBLICATION, DISTRIBUTION, ETC. (IMPRINT)
Place of publication, distribution, etc नई दिल्ली
Name of publisher, distributor, etc वाणी प्रकाशन
Date of publication, distribution, etc 2008
270 ## - ADDRESS
Address 21-ए, दरियागंज
City नई दिल्ली
Postal code 110002
Telephone number 011 23273167, 23275710
Fax number 011 23275710
Electronic mail address vaniprakashan@gmail.com
300 ## - PHYSICAL DESCRIPTION
Extent 136पृ
Dimensions 22सेमी (सजिल्द)
650 ## - SUBJECT ADDED ENTRY--TOPICAL TERM
Topical term or geographic name as entry element हिन्दी निबंध
650 ## - SUBJECT ADDED ENTRY--TOPICAL TERM
Topical term or geographic name as entry element Hindi essays
700 ## - ADDED ENTRY--PERSONAL NAME
Personal name मिश्र, गिरीश्वर
9 (RLIN) 22785
700 ## - ADDED ENTRY--PERSONAL NAME
Personal name शुक्ल, गणेश
9 (RLIN) 22786
942 ## - ADDED ENTRY ELEMENTS (KOHA)
Source of classification or shelving scheme Dewey Decimal Classification
Item type Hindi Books
Call number suffix मिश्रवि
Classification part 824
Holdings
Withdrawn status Lost status Not for loan Collection code Home library Current library Date acquired Source of acquisition Cost, normal purchase price Full call number Barcode Copy number Cost, replacement price Koha item type
      Non-fiction Central Library Central Library 05/10/2010 वाणी प्रकाशन/603/27.3.10/586/17.3.10/31.3.10 200.00 824 मिश्रवि B-400819 1 200.00 Hindi Books
    Not For Loan Non-fiction D.B.Act.Division D.B.Act.Division 10/10/2008 DBAD / PUB 200.00 824 मिश्रवि HN-56675 1 200.00 Hindi Books
      Non-fiction Janak Puri Janak Puri 05/10/2010 वाणी प्रकाशन/603/27.3.10/586/17.3.10/31.3.10 200.00 824 मिश्रवि B-400824 1 200.00 Hindi Books
      Non-fiction Mobile Library Mobile Library 05/10/2010 वाणी प्रकाशन/603/27.3.10/586/17.3.10/31.3.10 200.00 824 मिश्रवि B-400820 2 200.00 Hindi Books
      Non-fiction Mobile Library Mobile Library 05/10/2010 वाणी प्रकाशन/603/27.3.10/586/17.3.10/31.3.10 200.00 824 मिश्रवि B-400821 2   Hindi Books
      Non-fiction New Police Line New Police Line 05/10/2010 वाणी प्रकाशन/603/27.3.10/586/17.3.10/31.3.10 200.00 824 मिश्रवि B-400822 1 200.00 Hindi Books
      Non-fiction Patel Nagar Patel Nagar 05/10/2010 वाणी प्रकाशन/603/27.3.10/586/17.3.10/31.3.10 200.00 824 मिश्रवि B-400823 1 200.00 Hindi Books
      Non-fiction Sarojini Nagar Sarojini Nagar 05/10/2010 वाणी प्रकाशन/603/27.3.10/586/17.3.10/31.3.10 200.00 824 मिश्रवि B-400825 1 200.00 Hindi Books
      Non-fiction Shahdara Branch Shahdara Branch 05/10/2010 वाणी प्रकाशन/603/27.3.10/586/17.3.10/31.3.10 200.00 824 मिश्रवि B-400827 1 200.00 Hindi Books
      Non-fiction Vinoba Puri Vinoba Puri 05/10/2010 वाणी प्रकाशन/603/27.3.10/586/17.3.10/31.3.10 200.00 824 मिश्रवि B-400826 1 200.00 Hindi Books

© Delhi Public Library
Hit Counter
free hit counter